000 00532nam a22001817a 4500
003 BUBTL
008 140129b xxu||||| |||| 00| 0 eng d
082 _a658.15/SHF
100 _977
_aMina, M. Shahajahan
245 _aFinancial management
_cby M. Shahajahan Mina.
_b= আর্থিক ব্যবস্থাপনা
250 _a3rd ed.
260 _aDhaka,
_bAzizia,
_cc2000.
300 _a481p . :
_bill . 26cm .
650 0 _918
_aFinance
856 _k0
_l0
_yDownload
942 _2ddc
_cBK
999 _c64
_d64